=LDR 00000nam 2200000 4500 =001 INLIS000000000047560 =005 20160107141924.0 =006 =007 =008 =020 ##$$a 978-602-217-298-7 =035 ##$$0010-011600000000018 =040 ##$$a ind =082 ##$$a 540.1 =090 ##$$a 540.1 $b Sri k =100 ##$$a Sri, Rahayu =245 ##$$a Konsep dan Penerapan KIMIA =250 ##$$a - =260 ##$$a Jakarta $b Bumi Aksara =300 ##$$a xii, 255 hlm $b 25 cm =850 ##$$a NBPDMAT =990 ##$$a 0138/BPAP-NTB/2016 =990 ##$$a 0001/BPAP-NTB/2016 =990 ##$$a 0001/BPAP-NTB/2016 =990 ##$$a 0001/BPAP-NTB/2016